00289nam a2200109Ia 4500008004100000020001800041082001600059100002300075245003700098260003300135300001100168191014s9999 xx 000 0 und d a0-201-62734-5 a530.11bFEY aRichard P. Feymman 0aFeymman Lectures on Gravitation  aCanadabAddison Wesleyc1995 aXI,232